000
00198 a2200109 4500
020
_a
9780971281677
041
_a
eng
100
_a
Carole Olson
245
_a
Rock A.Bye
942
_c
BK
952
_7
1
999
_c
23086
_d
23086